00687nam a2200229Ia 4500003000900000008004100009040001300050040001300063041000800076100002000084245004500104250000900149260002100158260000900179300001100188300001000199490001600209490000700225942000700232999001700239952020100256IT-RoPAU120407s9999 xx 000 0 und d aIT-RoPAU cIT-RoPAU aita aLorenzo Peirone aIl fondatore del Santuario di Fontanelle aBari aEdizioni Paoline c1963 a149 p. c17 cm aGens sancta v23 cBK c25971d25971 00102ddc406922_13230000000000071aPAULUSbPAULUSd2012-04-11l0o922.1323r2012-04-11 00:00:00w2012-04-11yBKzInserito da: Mario In data: 19 settembre 2011 fondo: Via A.Severo 56 Progr:12726